Filosofía oriental / (Record no. 39166)

MARC details
000 -LEADER
campo de control de longitud fija 00599nam a2200181 i 4500
001 - NÚMERO DE CONTROL
campo de control 39166
003 - IDENTIFICADOR DE NÚMERO DE CONTROL
campo de control ES-MaACL
005 - FECHA Y HORA DE LA ÚLTIMA TRANSACCIÓN
campo de control 20230906155912.0
007 - CAMPO FIJO DE DESCRIPCIÓN FÍSICA--INFORMACIÓN GENERAL
campo de control de longitud fija t|
008 - DATOS DE LONGITUD FIJA--INFORMACIÓN GENERAL
campo de control de longitud fija 030227s1970 sp ||||1| spa d
100 1# - ENTRADA PRINCIPAL--NOMBRE DE PERSONA
Nombre de persona Calle, Ramiro A.
9 (RLIN) 33700
245 10 - MENCIÓN DEL TÍTULO
Título Filosofía oriental /
Mención de responsabilidad, etc. Ramiro A. Calle ; ilustraciones de José Manuel Muñoz , fotografías de Miguel Angel Calle.
260 ## - PUBLICACIÓN, DISTRIBUCIÓN, ETC.
Lugar de publicación, distribución, etc. Viladrau, etc. :
Nombre del editor, distribuidor, etc. Cedel,
Fecha de publicación, distribución, etc. 1970.
300 ## - DESCRIPCIÓN FÍSICA
Extensión 350 p., 7 lám. :
Otras características físicas il., ;
Dimensiones 16 cm.
700 1# - ENTRADA AGREGADA--NOMBRE PERSONAL
Nombre de persona Muñoz, José Manuel.
9 (RLIN) 84319
700 1# - ENTRADA AGREGADA--NOMBRE PERSONAL
Nombre de persona Calle, Miguel Angel.
9 (RLIN) 33698
852 ## - LOCALIZACIÓN
Ubicación ES-MaACL
Número de control de estantería C-48712
Sublocalización o colección R.73538
Holdings
Estatus retirado Estado de pérdida Estado de daño No para préstamo Biblioteca de origen Biblioteca actual Ubicación en estantería Fecha de adquisición Fuente de adquisición Total de préstamos Signatura topográfica completa Código de barras Visto por última vez Precio de reemplazo Tipo de ítem Koha
        Biblioteca del Ateneo de Madrid Biblioteca del Ateneo de Madrid Depósito 2 17/01/2008     C-48712 1041244 23/02/2023 23/02/2023 Libro impreso